000 00707nam a22002297a 4500
005 20250811161243.0
008 250811b |||||||| |||| 00| 0 eng d
020 _a978-0-90-01-79080-6(pbk)
037 _cTB
040 _aAL
_cAL
041 _2Eng
_aEnglish
084 _aP111:3 Q0
_qAL
100 _aVoort, Piet van der
_9817759
245 _aEnglish grammer for international studies
260 _aUK, London
_bRoutlede
_c2010
300 _a216p.
365 _b3252.42
_cINR
650 _2LINGUISTICS
700 _aby Voort, Piet van der
_eAuthor.
_9817760
942 _2CC
_cTB
_hP111:3 Q0
_n0
999 _c1434691
_d1434691